[Event "London Classic U1600 op 10th"]
[Site "London"]
[Date "2018.12.16"]
[Round "5"]
[White "Agarwal, Aditi"]
[Black "Hasan, Abu"]
[Result "1-0"]
[WhiteElo "1332"]
[BlackElo "1450"]
[PlyCount "89"]
[EventDate "2018.12.14"]
[EventType "swiss"]
[EventRounds "5"]
[EventCountry "ENG"]
[SourceTitle "CBM 187 Extra"]
[Source "ChessBase"]
[SourceDate "2018.11.04"]
[SourceVersion "1"]
[SourceVersionDate "2018.11.04"]
[SourceQuality "1"]

1. Nf3 d5 2. g3 Bf5 3. d3 Nc6 4. Bg2 e6 5. Nbd2 Bb4 6. c3 Ba5 7. 0-0 Nf6 8. Re1 h5 9. Qb3 Bb6 10. h3 g5 11. Nxg5 Rg8 12. h4 Ng4 13. e4 Bxf2+ 14. Kh1 Bxe1 15. exf5 Na5 16. Qa4+ Nc6 17. Qf4 Qd6 18. Qxd6 cxd6 19. fxe6 Rxg5 20. exf7+ Kxf7 21. hxg5 Ne7 22. Nf1 Rh8 23. Bf4 h4 24. Rxe1 hxg3+ 25. Kg1 Nf5 26. Bxd5+ Kg7 27. Nxg3 Ne5 28. Bxe5+ dxe5 29. Nxf5+ Kg6 30. Nd6 Rh4 31. Bf7+ Kxg5 32. Rxe5+ Kf6 33. Re6+ Kg5 34. Nxb7 Rg4+ 35. Kf2 Rf4+ 36. Ke2 Rxf7 37. Nd6 Rh7 38. Ke3 Rh1 39. Kd4 Ra1 40. a3 Rb1 41. Nc4 Rf1 42. Ne3 Rb1 43. Re5+ Kf4 44. Rb5 Re1 45. Ng2+ 1-0

[Event "London Classic U1600 op 10th"]
[Site "London"]
[Date "2018.12.15"]
[Round "3"]
[White "Headley, Francis"]
[Black "Hasan, Abu"]
[Result "1-0"]
[WhiteElo "1157"]
[BlackElo "1450"]
[PlyCount "125"]
[EventDate "2018.12.14"]
[EventType "swiss"]
[EventRounds "5"]
[EventCountry "ENG"]
[SourceTitle "CBM 187 Extra"]
[Source "ChessBase"]
[SourceDate "2018.11.04"]
[SourceVersion "1"]
[SourceVersionDate "2018.11.04"]
[SourceQuality "1"]

1. e4 Nc6 2. Nf3 d5 3. exd5 Qxd5 4. Nc3 Qh5 5. Be2 Bg4 6. d4 0-0-0 7. Be3 e5 8. h3 Bxf3 9. Bxf3 Qg6 10. Nb5 e4 11. Bh5 Qf6 12. Qg4+ Qe6 13. Qxe6+ fxe6 14. 0-0-0 Rd5 15. Be2 a6 16. Nc3 Rd8 17. Nxe4 h6 18. Bg4 Re8 19. d5 Ne5 20. Bxe6+ Kb8 21. Nc5 Bxc5 22. Bxc5 Nf6 23. Rhe1 Ned7 24. Bb4 b6 25. c4 a5 26. Ba3 Ka7 27. Bxd7 Rxe1 28. Rxe1 Nxd7 29. Re7 Nc5 30. Rxc7+ Kb8 31. Rxg7 Nd3+ 32. Kc2 Nc5 33. Bxc5 bxc5 34. d6 Kc8 35. Kd3 Rd8 36. d7+ Rxd7+ 37. Rxd7 Kxd7 38. Ke4 Ke6 39. f4 Kf6 40. Kd5 Kf5 41. g3 h5 42. Kxc5 Ke4 43. Kd6 Kf3 44. f5 Kxg3 45. f6 Kxh3 46. f7 Kg3 47. f8Q h4 48. Qf1 h3 49. Qg1+ Kf3 50. Qh2 Kg4 51. c5 Kf3 52. Qxh3+ Ke4 53. Qg4+ Kd3 54. Kd5 Kc2 55. Qe2+ Kb1 56. Qd1+ Kxa2 57. Qa4+ Kxb2 58. Qxa5 Kc2 59. c6 Kb2 60. c7 Kb3 61. c8Q Kb2 62. Qb6+ Ka2 63. Qa8# 1-0

[Event "London Classic op U1750 8th"]
[Site "London"]
[Date "2016.12.14"]
[Round "3"]
[White "Apaza, Jorge Antonio"]
[Black "Hasan, Abu"]
[Result "1-0"]
[WhiteElo "1720"]
[BlackElo "1540"]
[PlyCount "61"]
[EventDate "2016.12.12"]
[EventType "swiss"]
[EventRounds "5"]
[EventCountry "ENG"]
[SourceTitle "EXT 2019"]
[Source "ChessBase"]
[SourceDate "2018.10.10"]
[SourceVersion "1"]
[SourceVersionDate "2018.10.10"]
[SourceQuality "1"]

1. e4 e5 2. Nf3 Nc6 3. d4 exd4 4. Nxd4 Nxd4 5. Qxd4 c5 6. Qe5+ Qe7 7. Bf4 Nf6 8. f3 a6 9. Nc3 d6 10. Qxe7+ Bxe7 11. 0-0-0 0-0 12. Bxd6 Bxd6 13. Rxd6 Be6 14. Be2 b5 15. Rhd1 b4 16. Nd5 Bxd5 17. exd5 a5 18. Bb5 Rad8 19. Rxd8 Rxd8 20. d6 Kf8 21. g4 g5 22. c3 h6 23. Kc2 Nd7 24. Bxd7 Rxd7 25. cxb4 axb4 26. Kb3 f6 27. Kc4 Ra7 28. d7 Rxd7 29. Rxd7 Ke8 30. Rh7 b3 31. a4 1-0